000
00286nam a22001337a 4500
020
_a
0070578044
082
_a
330
100
_a
Lawrence F. Ziegler
245
_a
The economy today
250
_a
7th ed
260
_a
New York
_b
The McGraw-Hill
_c
1997
300
_a
666p
942
_c
BK
999
_c
3322
_d
3322